000
00203 a2200109 4500
020
_a
9789968129152
041
_a
spa
100
_a
Santillana
245
_a
Ciencias Sociales
942
_c
BK
952
_7
1
999
_c
21444
_d
21444